Tratamiento de datos personales y protección de la vida privada: estudios sobre la ley N§19.628 sobre protección de datos de carácter personal

Gespeichert in:
Bibliographische Detailangaben
1. Verfasser: Wahl Silva, Jorge (VerfasserIn)
Format: Buch
Sprache:Spanisch
Veröffentlicht: Santiago Universidad de los Andes 2001
Schriftenreihe:Cuadernos de Extensión Jurídica, 5
Schlagworte:
Tags: Tag hinzufügen
Keine Tags, Fügen Sie den ersten Tag hinzu!

MARC

LEADER 00000nam a2200000 a 4500
001 UCM8935
003 CL-VaPUC
008 030404e20010000CL |||||||||||||||||spa|d
082 0 4 |a 342.830858  |b WAH  |2 21 
100 0 |a Wahl Silva, Jorge  |e author  |9 475244 
245 1 0 |a Tratamiento de datos personales y protección de la vida privada: estudios sobre la ley N§19.628 sobre protección de datos de carácter personal 
300 |a 178 p 
942 |c BK 
945 |d 20030404 00:00:00  |a cmena 
260 |a Santiago  |b Universidad de los Andes  |c 2001 
650 0 |a Protección de datos  |9 262446 
650 0 |a Derecho privado  |9 258243 
650 7 |a LEY N§ 19.628  |2 CL-VaPUC  |9 475245 
650 0 |a Jurisprudencia  |9 255952 
583 |a last modification  |c 20030404 00:00:00  |k Rodrigo Vera 
490 0 |a Cuadernos de Extensión Jurídica, 5 
999 |c 303347  |d 303345 
952 |0 0  |1 0  |4 0  |6 342_830858000000000_WAH_2001  |7 0  |8 A  |9 364584  |a BIBDER  |b BIBDER  |d 2019-11-21  |i 3891461  |l 1  |o 342.830858 WAH 2001  |p 3891461  |r 2023-04-17  |s 2023-04-17  |w 2019-11-21  |y BK  |k DER